• 首页
  • 本馆介绍
  • 公告通知
  • 最新文献
  • 馆藏检索
  • 电子资源
  • 读者导购
  • 参考咨询
  • 我的图书馆
  • 登录
  • 详细信息显示
  • 放入我的书架
  • 预约/预借图书
  • 作者相关作品
  • 分类相关作品
  • 丛书相关作品
  • 出版社相关作品

书目信息

  • 表格格式
  • 工作单格式
  • 卡片格式
题名:
复调音乐基础教程
    
 
作者: 孙云鹰 编著
分册:  
出版信息: 北京   高等教育出版社  1991.6
页数: 118页
开本: 26cm
丛书名:
单 册:
中图分类: J614.2
科图分类:
主题词: 复调--高等师范教育--教材
电子资源:
ISBN: 7-04-003330-5
000 00716nam0 2200241 45
001 0191027958
005 20070715150105.70
010    @a7-04-003330-5@dCNY7.30
100    @a19911129d1991 em y0chiy0121 ea
101 0  @achi
102    @aCN@b110000
105    @ag z 000yy
200 10 @a复调音乐基础教程@AFU DIAO YIN YUE JI CHU JIAO CHENG@f孙云鹰编著@FSUN YUN YING BIAN ZHU
210    @a北京@c高等教育出版社@d1991.6
215    @a118页@d26cm
300    @a实用作曲理论基础
300    @a卫星电视教育音乐教材
540 1  @a复调 音乐@AFU DIAO YIN YUE
606    @a复调@x高等师范教育@x教材
690    @aJ614.2
701  0 @a孙云鹰@ASUN YUN YING@4编著
801  0 @aCN@bTSSF@c20070715
905    @a10447@dJ614.2@e351
    
    复调音乐基础教程/孙云鹰编著.-北京:高等教育出版社,1991.6
    118页;26cm
    实用作曲理论基础.-卫星电视教育音乐教材
    
    ISBN 7-04-003330-5:CNY7.30
    
●
相关链接 在E读中查询图书 在五车中查询图书 在当当中查询图书 在豆瓣中查询图书


正题名:复调音乐基础教程     索取号:J614.2/351         预约/预借

序号 登录号 条形码 馆藏地/架位号 状态 备注
1 0502758   205027585   密集书库/ [索取号:J614.2/351] 在馆    
2 0778134   207781346   密集书库/ [索取号:J614.2/351] 在馆    
3 0778215   207782158   密集书库/ [索取号:J614.2/351] 在馆    
4 0779935   207799355   密集书库/ [索取号:J614.2/351] 在馆    
唐山师范学院图书馆 欢迎您!
大连网信软件有限公司© 版权所有